Nicholas Roerich : (Record no. 76201)

MARC details
000 -LEADER
fixed length control field 00587nam a22001937a 4500
005 - DATE AND TIME OF LATEST TRANSACTION
control field 20130611114602.0
010 ## - LCCN (DPL NO)
LC control number ENG-107411
020 ## - INTERNATIONAL STANDARD BOOK NUMBER
International Standard Book Number 9789381523520
Terms of availability 1495.00
035 ## - SYSTEM CONTROL NUMBER
System control number EN-90944
037 ## - SOURCE OF ACQUISITION
Source of stock number/acquisition DBAD/PUB
082 ## - DEWEY DECIMAL CLASSIFICATION NUMBER
Classification number 759.7
245 ## - TITLE STATEMENT
Title Nicholas Roerich :
Statement of responsibility, etc edited by Manju Kak
Remainder of title a quest and a legacy /
260 ## - PUBLICATION, DISTRIBUTION, ETC. (IMPRINT)
Place of publication, distribution, etc New Delhi
Name of publisher, distributor, etc Niyogi Books
Date of publication, distribution, etc 2013
270 ## - ADDRESS
Address D-78, Okhla Industrial Area, Phase-I
City New Delhi
Postal code 110020
300 ## - PHYSICAL DESCRIPTION
Extent 257p. :
Dimensions 32cm(Hb)
Other physical details col. ill.
500 ## - GENERAL NOTE
General note Includes index
700 ## - ADDED ENTRY--PERSONAL NAME
Personal name Kak, Manju
9 (RLIN) 43383
942 ## - ADDED ENTRY ELEMENTS (KOHA)
Source of classification or shelving scheme Dewey Decimal Classification
Item type English Books
Call number suffix NIC
Classification part 759.7
Holdings
Withdrawn status Lost status Not for loan Collection code Home library Current library Date acquired Source of acquisition Cost, normal purchase price Full call number Barcode Copy number Cost, replacement price Koha item type
    Not For Loan Non-fiction D.B.Act.Division D.B.Act.Division 27/05/2013 DBAD/PUB 1495.00 759.7 NIC EN-90944 1 1495.00 English Books

© Delhi Public Library
Hit Counter
free hit counter